|
|
|
|
| LEADER |
00000cam a22000004a 4500 |
| 001 |
musev2_3929 |
| 003 |
MdBmJHUP |
| 005 |
20230905040503.0 |
| 006 |
m o d |
| 007 |
cr||||||||nn|n |
| 008 |
011219s2002 inu o 00 0 eng d |
| 010 |
|
|
|z 2001008456
|
| 020 |
|
|
|a 9780253109460
|
| 020 |
|
|
|z 9780253341280
|
| 020 |
|
|
|z 0253109469
|
| 035 |
|
|
|a (OCoLC)50760389
|
| 040 |
|
|
|a MdBmJHUP
|c MdBmJHUP
|
| 043 |
|
|
|a e-ur---
|
| 050 |
0 |
4 |
|a BX492
|b .R66 2002
|
| 082 |
0 |
|
|a 261.7/0947/09041
|2 21
|
| 100 |
1 |
|
|a Roslof, Edward E.,
|d 1956-
|
| 245 |
1 |
0 |
|a Red Priests :
|b Renovationism, Russian Orthodoxy, and Revolution, 1905-1946 /
|c Edward E. Roslof.
|
| 264 |
|
1 |
|a Bloomington, IN :
|b Indiana University Press,
|c 2002.
|
| 264 |
|
3 |
|a Baltimore, Md. :
|b Project MUSE,
|c 2012
|
| 264 |
|
4 |
|c ©2002.
|
| 300 |
|
|
|a 1 online resource (288 pages).
|
| 336 |
|
|
|a text
|b txt
|2 rdacontent
|
| 337 |
|
|
|a computer
|b c
|2 rdamedia
|
| 338 |
|
|
|a online resource
|b cr
|2 rdacarrier
|
| 504 |
|
|
|a Includes bibliographical references (p. [243]-250) and index.
|
| 505 |
0 |
|
|a The path to church revolution -- Renovationists come to power -- Ecclesiastical civil war -- The religious NEP -- Renovationism in the parish -- Liquidation.
|
| 588 |
|
|
|a Description based on print version record.
|
| 650 |
|
0 |
|a Communism and Christianity
|z Soviet Union
|x History.
|
| 650 |
|
0 |
|a Communism and Christianity
|x Russkai͡a pravoslavnai͡a t͡serkovʹ
|x History
|y 20th century.
|
| 610 |
2 |
0 |
|a Russkai͡a pravoslavnai͡a t͡serkovʹ
|x History
|y 20th century.
|
| 651 |
|
0 |
|a Soviet Union
|x Church history.
|
| 655 |
|
7 |
|a Electronic books.
|2 local
|
| 710 |
2 |
|
|a Project Muse.
|e distributor
|
| 830 |
|
0 |
|a Book collections on Project MUSE.
|
| 856 |
4 |
0 |
|z Texto completo
|u https://projectmuse.uam.elogim.com/book/3929/
|
| 945 |
|
|
|a Project MUSE - Custom Collection
|
| 945 |
|
|
|a Project MUSE - Archive Complete Foundation
|
| 945 |
|
|
|a Project MUSE - Archive Philosophy and Religion Foundation
|
| 945 |
|
|
|a Project MUSE - Archive Russian and East European Studies Foundation
|